| 000 | 00576nam a2200121Ia 4500 | ||
|---|---|---|---|
| 008 | 220620s9999||||xx |||||||||||||| ||und|| | ||
| 100 | _aArluke, Arnold | ||
| 245 | 0 |
_aJust a Dog _bUnderstanding Animal Cruelty and Ourselves |
|
| 546 | _aEnglish[eng] | ||
| 650 | _aSociology||Cruelty to animals||Dog||Euthanasia||Humane society||No-kill shelter | ||
| 856 | _uhttps://library.oapen.org/bitstream/20.500.12657/31580/1/626980.pdf||https://library.oapen.org/bitstream/20.500.12657/31580/1/626980.pdf||https://library.oapen.org/bitstream/20.500.12657/31580/1/626980.pdf | ||
| 942 | _cEB | ||
| 999 |
_c26179 _d26179 |
||